000 01221cad a22002055a 4500
001 L140975
008 071023s2007 xxko f 000 0 eng d
035 _a(Sirsi) u140975
041 0 _aeng
050 0 4 _a333.72 $2 18
110 2 _aCommission for Architecture and the Built Environment
_94058
245 0 0 _aSustainable design, climate change and the built environment
_h[electronic resource]
260 _aLondon
_bCABE
_c2007
520 _aThis briefing outlines what CABE will do to tackle the issues of sustainable design, climate change and the built environment. In particular, CABE is concerned with the design and management of buildings, spaces and places; public sector leadership and influence; and scale and sufficiency of action. Sets out CABE's eight objectives for the next three years and suggests actions for government, the public sector, industry and the private sector.
590 _aKA NTK
651 4 _aUnited Kingdom
_y
690 _aBUILT ENVIRONMENT-SUSTAINABLE CONSTRUCTION
856 4 0 _uhttps://webarchive.nationalarchives.gov.uk/20110118095356/http://www.cabe.org.uk/files/sustainable-design-and-climate-change.pdf
_zView the briefing free of charge at www.cabe.org.uk...
942 _n0
999 _c107588
_d107588